Psohlavci /
Děj románu se odehrává koncem 17. století nedlouho po Bílé hoře. Hlavním motivem je zpracování legendy o vůdci Chodů Janu Kozinovi. Chodové střežili hranici mezi Čechami a Bavorskem, byli přímými poddanými českého krále a za své služby se těšili mnohým privilegiím a výsadám. Po třicetileté válce Cho...
Uloženo v:
| Hlavní autor: | |
|---|---|
| Médium: | E-kniha |
| Jazyk: | Czech |
| Vydáno: |
Praha :
Artis,
2023
|
| Tagy: |
Žádné tagy |
| LEADER | 01804nam a22002297i 4500 | ||
|---|---|---|---|
| 001 | 311833 | ||
| 007 | ta | ||
| 008 | 260601s2023 xr ||||| |||| 00| 0 cze d | ||
| 020 | |a 9990003677143 | ||
| 044 | |a xr | ||
| 100 | 1 | |a Jirásek, Alois |4 aut | |
| 245 | 1 | 0 | |a Psohlavci / |c Jirásek, Alois |
| 264 | 1 | |a Praha : |b Artis, |c 2023 | |
| 300 | |a 1 online zdroj (197 stran) | ||
| 336 | |a text |b txt |2 rdacontent | ||
| 337 | |a bez média |b n |2 rdamedia | ||
| 338 | |a online zdroj |b cr |2 rdacarrier | ||
| 520 | 2 | |a Děj románu se odehrává koncem 17. století nedlouho po Bílé hoře. Hlavním motivem je zpracování legendy o vůdci Chodů Janu Kozinovi. Chodové střežili hranici mezi Čechami a Bavorskem, byli přímými poddanými českého krále a za své služby se těšili mnohým privilegiím a výsadám. Po třicetileté válce Chodové o svá práva přišli a jejich pozemky byly prodány Lomikarovi. Chodové samozřejmě nechtěli přijít o svá privilegia, ale jejich stížnosti nebyly vyslyšeny. Proto začali organizovat povstání proti vrchnosti. Nejvýraznější postavou odboje byl Jan Sladký Kozina. Povstání však bylo potlačeno a Kozina odsouzen k popravě oběšením. Exekuce byla vykonána v Plzni 28. listopadu 1695. Podle Jiráska zvolal Kozina před popravou mocným hlasem: „Lomikare! Lomikare! Do roka budeme spolu stát před súdnú stolicí boží, hin se hukáže, hdo z nás..." | |
| 910 | |a RBIT002 | ||
| 998 | |d 367714 |a https://core.palmknihy.cz/api/books/367714/cover?rpl9a2 |b https://core.palmknihy.cz/api/books/367714/cover/400?rpl9a2 |c https://core.palmknihy.cz/api/books/367714/cover/50?rpl9a2 |e 2099-12-01 |g 197 |i 9990003677143 |j https://core.palmknihy.cz/api/books/367714/preview.epub |l |q 49 |r 1 |s https://www.palmknihy.cz/kniha/367714 |t ebook |y 2023 |z 1 | ||
| 999 | |d 311831 | ||